Els Objectius del desenvolupament sostenible al món local :
Descripción Física:
143 pàgines : il·lustracions ; 24 cm
Idioma:
Catalán
MARC
| LEADER | 00000nam a2200000 a 4500 | ||
|---|---|---|---|
| 001 | 25361 | ||
| 003 | Arxiu | ||
| 005 | 20260324181103.0 | ||
| 008 | 220429b spa||||| |||| 00| 0 cat d | ||
| 017 | |a DL B 20702-2020 | ||
| 080 | |a Bib-525 | ||
| 245 | |a Els Objectius del desenvolupament sostenible al món local : |h Agenda 2030 | ||
| 250 | |a Primera edició | ||
| 260 | |a Barcelona : |b Diputació de Barcelona, |c novembre de 2020 | ||
| 300 | |a 143 pàgines : |b il·lustracions ; |c 24 cm | ||
| 610 | 2 | 0 | |a Objectius de Desenvolupament Sostenible |9 56309 |
| 650 | 0 | |a Municipis |x Govern i administració |9 22275 | |
| 710 | |a Barcelona (Catalunya : Província). |b Servei d'Agenda 2030 i Participació |9 52276 | ||
| 942 | |2 udc |c RE |n 1 | ||
| 952 | |0 0 |1 0 |4 0 |6 BIB525 |7 1 |9 61435 |a Arxiu |b Arxiu |d 2022-04-29 |o Bib-525 |p 25361 |r 2022-04-29 00:00:00 |w 2022-04-29 |y ARXIU | ||
| 999 | |c 81388 |d 81388 | ||